00371nam a2200157Ia 45000010006000000050017000060080041000230410008000640820015000721000032000872450041001192600009001603000028001696500008001976540008002052090820260306172840.0260306t2015||||xx |||||||||||||| ||spa|| aESP a343.8bR41 aRengifo Lara, YannpooleAUT 0aManual de procedimientos tributarios c2015 a430 páginas :c25 cm. aGEN aCCO